Normal view MARC view
  • GC Raja Umar Khalid. GC Muhammad Dawood Mustafa. PC Rao Asim. PC Mamoon Khan Project

Entry Personal Name

Number of records used in: 1

001 - CONTROL NUMBER

  • control field: 73320

003 - CONTROL NUMBER IDENTIFIER

  • control field: NUST

005 - DATE AND TIME OF LATEST TRANSACTION

  • control field: 20210628205012.0

008 - FIXED-LENGTH DATA ELEMENTS

  • fixed length control field: 210628|| aca||aabn | a|a d

040 ## - CATALOGING SOURCE

  • Original cataloging agency: NUST
  • Transcribing agency: NUST

100 ## - HEADING--PERSONAL NAME

  • Personal name: GC Raja Umar Khalid. GC Muhammad Dawood Mustafa. PC Rao Asim. PC Mamoon Khan Project

670 ## - SOURCE DATA FOUND

  • Source citation: Work cat.: (NUST): GC Raja Umar Khalid. GC Muhammad Dawood Mustafa. PC Rao Asim. PC Mamoon Khan Project, PR-SOF-1968-Agri-Pro Integrated Undergroud Crop Harvester, 2020
© 2023 Central Library, National University of Sciences and Technology. All Rights Reserved.